书目信息 |
| 题名: |
国家刑事赔偿法律解读
|
|
| 作者: | 王晋 主编 ;最高人民检察院刑事赔偿工作办公室 编著 | |
| 分册: | ||
| 出版信息: | 北京 中国检察出版社 2010 |
|
| 页数: | 566页 | |
| 开本: | 23cm | |
| 丛书名: | ||
| 单 册: | ||
| 中图分类: | D922.115 | |
| 科图分类: | ||
| 主题词: | 刑事责任--国家赔偿法--法律解释--中国 , 刑事责任 , 国家赔偿法 , 法律解释 | |
| 电子资源: | ||
| ISBN: | 978-7-5102-0343-5 | |
| 000 | 01009nam0 2200277 45 | |
| 001 | 1138550125 | |
| 005 | 20110419091819.85 | |
| 010 | @a978-7-5102-0343-5@dCNY78.00 | |
| 100 | @a20110408d2010 ekmy0chiy1020 ea | |
| 101 | 0 | @achi |
| 102 | @aCN@b110000 | |
| 105 | @ay z 000yy | |
| 106 | @ar | |
| 200 | 1 | @a国家刑事赔偿法律解读@AGuo Jia Xing Shi Pei Chang Fa Lu^ Jie Dou@f王晋主编@FWang Jin Zhu Bian@g最高人民检察院刑事赔偿工作办公室编著 |
| 210 | @a北京@c中国检察出版社@d2010 | |
| 215 | @a566页@d23cm | |
| 330 | @a本书以修改后的《国家赔偿法》为范本,对相关法条进行逐一解读,并对所涉及的理论和实务问题进行了阐述。 | |
| 606 | 0 | @a刑事责任@x国家赔偿法@x法律解释@y中国 |
| 606 | 0 | @a刑事责任 |
| 606 | 0 | @a国家赔偿法 |
| 606 | 0 | @a法律解释 |
| 690 | @aD922.115@v4 | |
| 701 | 0 | @a王晋@AWang Jin@4主编 |
| 712 | 02 | @a最高人民检察院刑事赔偿工作办公室@AZui Gao Ren Min Jian Cha Yuan Xing Shi Pei Chang Gong Zuo Ban Gong Shi@4编著 |
| 801 | 0 | @aCN@bTANGWEI@c20110419 |
| 905 | @b0536801-03@dD922.115@e970@f3 | |
| 国家刑事赔偿法律解读/王晋主编/最高人民检察院刑事赔偿工作办公室编著.-北京:中国检察出版社,2010 |
| 566页;23cm |
| ISBN 978-7-5102-0343-5:CNY78.00 |
| 本书以修改后的《国家赔偿法》为范本,对相关法条进行逐一解读,并对所涉及的理论和实务问题进行了阐述。 |
| ● |
| 相关链接 |
|
|
|
|
正题名:国家刑事赔偿法律解读
索取号:D922.115/970
 
预约/预借
| 序号 | 登录号 | 条形码 | 馆藏地/架位号 | 状态 | 备注 |
| 1 | 0536801 | 205368010 | 第一样本阅览室/ [索取号:D922.115/970] | 在馆 | |
| 2 | 0536802 | 205368029 | 第一借阅区/ [索取号:D922.115/970] | 在馆 | |
| 3 | 0536803 | 205368038 | 第一借阅区/ [索取号:D922.115/970] | 在馆 |